000 00410nam a22001817a 4500
003 MPLRDC
005 20220104144847.0
008 210129b ||||| |||| 00| 0 eng d
020 _a957-327-959-4
082 _a848.2 LY-49 c.2*
100 _a刘墉著
245 _a母亲的伤痕
_c
250 _a初版
260 _a
_b水云斋
_c2003
300 _b
650 _a
942 _cBK
_o848.2 LY-49 c.2*
999 _c51009
_d50999